000 00687nam a2200241Ia 4500
003 OSt
005 20220926005353.0
006 a|||||r|||| 00| 0
007 ta
008 220923b |||||||| |||| 00| 0 eng d
020 _a8183870074
037 _cGeneral Book
040 _aRTL
_cRTL
_beng
041 _2eng
_aeng
082 _aY72.2.N9, P6
100 _aSharma P Dash Ed.
_9310119
245 0 _aAnthropology of primitive tribes in India
260 _a New Delhi
_bSerials Publications India
_c2006
300 _axxx,647p
_ccm.
500 _aBibliography chapterwise
942 _hY72.2.N9, P6
_cGB
_2CC
999 _c613576
_d613576